| 000 | | | 04054nmc2a22002533x 450 |
| 001 | | | 2ee19c83-bc3d-4eab-b331-2d353a73f2db |
| 005 | | | 20230904173322.0 |
| 100 | ## | $a | 20230406l18751876k l0rusy0189 ca |
| 101 | 0# | $a | rus |
| 102 | ## | $a | RU |
| 105 | ## | $a | y### |
| 122 | 2# | $a | d |
| 200 | 1# | $a | Письмо министра финансов Михаила Христофоровича Рейтерна военному министру Дмитрию Алексеевичу Милютину по поводу рассмотрения вопроса о провиантских поставках в Комитете министров, с сопроводительной запиской Д.А. Милютина Михаилу Петровичу фон Кауфману, проект резолюции Комитета министров по делу о долгосрочных поставках от 10 февраля 1876 года |
| | $j | 5 декабря 1875 г. - 10 февраля 1876 г. |
| 215 | ## | $a | 13 л. |
| | $d | 36,5х26 см |
| 251 | ## | $c | Дело |
| 300 | ## | $a | Михаил Петрович фон Кауфман (1821-1902 годы). Материалы, связанные со служебной деятельностью. По интендантской части |
| 300 | ## | $a | На обложке ошибочно указано: "10 февраля 1878 г." |
| 371 | ## | $a | Документ не является опубликованным и широко распространяемым |
| 461 | #0 | $1 | 00190e07281-0192-43e2-b84a-6d6cf747817c |
| | $1 | 2001 |
| | $a | Фон Кауфманы и фон Кауфманы Туркестанские |
| | $1 | 251 |
| | $c | Фонд |
| | $1 | 852 |
| | $j | 954 |
| 462 | #0 | $1 | 001ff04dd05-f76b-4284-9957-af4e9e6c0442 |
| | $1 | 2001 |
| | $a | Материалы к истории рода Kауфманов; личные и служебные документы К.П., М.П., П.М. Кауфмана |
| | $1 | 251 |
| | $c | Опись |
| | $1 | 852 |
| | $j | 1 |
| 801 | #0 | $a | RU |
| | $b | РГИА |
| | $c | 20230406 |
| | $g | RCR |
| 801 | #1 | $a | RU |
| | $b | ГлавНИВЦ |
| | $c | 20230406 |
| | $2 | rusmarc |
| 801 | #2 | $a | RU |
| | $b | ПБ им. Б.Н. Ельцина |
| | $c | 20230904 |
| | $g | RCR |
| | $2 | rusmarc |
| 850 | ## | $a | РГИА |
| 852 | ## | $a | РГИА |
| | $e | Федеральное казенное учреждение "Российский государственный исторический архив" (РГИА) |
| | $j | 192 |
| 937 | ## | $h | РГИА |
| | $d | 12390586 |
| | $a | ASBIBLIO_SCAN |
| 035 | ## | $a | RusGRCC00059368 |
| 856 | ## | $u | http://readingroom.main.prlib.ru/item.aspx?id_node=n187348110&mode=full |